| 000 | 00717cam a22002413a 4500 | ||
|---|---|---|---|
| 001 | 5399 | ||
| 003 | PGUSA | ||
| 005 | 20140828083119.0 | ||
| 008 | 041019s2004||||xxu|||||s|||||000 | eng d | ||
| 040 |
_aPGUSA _beng |
||
| 042 | _adc | ||
| 050 | 4 | _aD501 | |
| 100 | 1 |
_aChurchill, Winston, _d1871-1947 |
|
| 245 | 1 | 3 |
_aAn essay on the American contribution and the democratic idea _h[electronic resource] / _cWinston Churchill |
| 260 |
_bProject Gutenberg, _c2004 |
||
| 506 | _aPublic domain in the USA. | ||
| 516 | _aElectronic text | ||
| 653 | _aWorld War, 1914-1918 -- United States | ||
| 653 | _aDemocracy | ||
| 830 | 0 |
_aProject Gutenberg _v5399 |
|
| 856 | 4 | 0 | _uhttp://www.gutenberg.org/ebooks/5399 |
| 942 | _cEB | ||
| 999 |
_c234728 _d234728 |
||